|
|
|
|
| LEADER |
00000nam a2200000Ii 4500 |
| 001 |
DIGEDUNAV0326 |
| 003 |
NyNyDIG |
| 006 |
m o d |
| 007 |
cr ||||||||||| |
| 008 |
220608s2017 sp a o 000 0 spa d |
| 035 |
|
|
|a (OCoLC)1333701863
|
| 040 |
|
|
|a DGITA
|b eng
|e rda
|e pn
|c DGITA
|
| 020 |
|
|
|z 9788431332181
|
| 043 |
|
|
|a e-sp---
|
| 050 |
1 |
4 |
|a KKT4048 ebook
|
| 082 |
0 |
4 |
|a 345
|
| 100 |
1 |
|
|a Sánchez-Ostiz, Pablo,
|e author.
|
| 245 |
1 |
0 |
|a Delictum 2.0 :
|b materiales para clases prácticas de introducción a la teoría general del delito /
|c Pablo Sánchez-Ostiz, Elena Íñigo Corroza, con la colaboración de Justo Balmaceda Quirós [and 4 others]
|
| 264 |
|
1 |
|a Pamplona, España :
|b EUNSA, Ediciones Universidad de Navarra,
|c [2017]
|
| 300 |
|
|
|a 1 online resource :
|b illustrations.
|
| 336 |
|
|
|a text
|b txt
|2 rdacontent
|
| 337 |
|
|
|a computer
|b c
|2 rdamedia
|
| 338 |
|
|
|a online resource
|b cr
|2 rdacarrier
|
| 347 |
|
|
|a text file
|2 rdaft
|
| 347 |
|
|
|b PDF
|
| 588 |
0 |
|
|a Online resource; title from PDF title page (Digitalia, viewed June 8, 2022)
|
| 650 |
|
0 |
|a Crime analysis
|z Spain.
|
| 650 |
|
0 |
|a Criminal law
|z Spain.
|
| 650 |
|
0 |
|a Criminal law
|x Philosophy.
|
| 655 |
|
0 |
|a Electronic books.
|
| 700 |
1 |
|
|a Iñigo Corroza, Ma. Elena,
|e author.
|
| 700 |
1 |
|
|a Balmaceda Quirós, Justo Fernando,
|e contributor agent of text.
|
| 791 |
2 |
|
|a Digitalia (Firm),
|e distributor.
|
| 793 |
0 |
|
|g Digitalia eBook Collection:
|a Ediciones Universidad de Navarra
|
| 776 |
0 |
8 |
|i Print version:
|a Sánchez-Ostiz, Pablo.
|t Delictum 2.0.
|b 4a edición.
|d Pamplona, España : EUNSA, Ediciones Universidad de Navarra, [2017]
|z 9788431332181
|
| 856 |
4 |
0 |
|3 Digitalia Hispánica
|u https://www.digitaliapublishing.com/a/51703/
|
| 910 |
|
|
|a Premium collection: 2022
|